| 000 | 01826nam a2200433Ia 4500 | ||
|---|---|---|---|
| 001 | ebr10116470 | ||
| 003 | CaPaEBR | ||
| 006 | m u | ||
| 007 | cr cn||||||||| | ||
| 008 | 020813s2002 ne a sb 001 0 eng d | ||
| 020 | _z1586032844 (IOS Press) | ||
| 020 | _z4274905411 (Ohmsha) | ||
| 040 |
_aCaPaEBR _cCaPaEBR |
||
| 035 | _a(OCoLC)560259834 | ||
| 050 | 1 | 4 |
_aHF5548.32 _b.C4723 2002eb |
| 245 | 0 | 0 |
_aChallenges and achievements in E-business and E-work _h[electronic resource] / _cedited by Brian Stanford-Smith, Enrica Chiozza, and Mireille Edin. |
| 260 |
_aAmsterdam ; _aWashington, DC : _bIOS Press ; _aTokyo : _bOhmsha, _cc2002. |
||
| 300 |
_axv, 1636 p. : _bill. |
||
| 504 | _aIncludes bibliographical references and indexes. | ||
| 533 |
_aElectronic reproduction. _bPalo Alto, Calif. : _cebrary, _d2009. _nAvailable via World Wide Web. _nAccess may be limited to ebrary affiliated libraries. |
||
| 650 | 0 | _aElectronic commerce. | |
| 650 | 0 |
_aBusiness enterprises _xComputer networks. |
|
| 650 | 0 | _aInformation technology. | |
| 650 | 0 | _aTelecommunication. | |
| 650 | 0 | _aInternet. | |
| 650 | 0 | _aTelecommuting. | |
| 650 | 0 |
_aElectronic commerce _zEuropean Union countries. |
|
| 650 | 0 |
_aBusiness enterprises _xComputer networks _zEuropean Union countries. |
|
| 650 | 0 |
_aInformation technology _zEuropean Union countries. |
|
| 650 | 0 |
_aTelecommunication _zEuropean Union countries. |
|
| 650 | 0 |
_aInternet _zEuropean Union countries. |
|
| 650 | 0 |
_aTelecommuting _zEuropean Union countries. |
|
| 655 | 7 |
_aElectronic books. _2local |
|
| 700 | 1 | _aStanford-Smith, Brian. | |
| 700 | 1 | _aChiozza, Enrica. | |
| 700 | 1 | _aEdin, Mireille. | |
| 710 | 2 | _aebrary, Inc. | |
| 856 | 4 | 0 |
_uhttp://site.ebrary.com/lib/rucke/Doc?id=10116470 _zAn electronic book accessible through the World Wide Web; click to view |
| 999 |
_c208738 _d208738 |
||